000 00275nam a2200121 a 4500
008 110105s1965|||| d
100 1 _aLenin, V.I.
245 1 0 _aO literatúre a umení
260 _bVPL
_aBratislava
_c1965
020 _c13
041 _aslo
044 _axo
_cSK
999 _c15530
_d15530